1619 1173 1880 1127 1236 1032 1352 1559 1035 1266 1110 1074 1180 1074 1313 1134 1357 1074 1899 1550 1013 1558 1798 1982 1572 1703 1975 1526 1802 1002 1914 1047 1444 1508 1323 1478 1640 1703 1152 1269 1932 1407 1750 1060 1533 1667 1199 1719 1837 1988 1284 1496 1501 1360 1883 1378 1603 1720 1718 1904 1844 1699 1286 1687 1644 1282 1139 1852 1978 1294 1843 1675 1457 1798 1176 1426 1272 1062 1541 1681 1424 1112 1743 1204 1176 1581 1169 1463 1652 1801 1962 1848 1351 1792 1661 1077 1436 1649 1154 BCNSPRNW ULIB Ver.6.0+V

เปลี่ยนเป็นภาษาไทย

Change to English
 แสดงรายละเอียดบรรณานุกรม
  กลับหน้าหลัก

Brief Record : Get Marc (ISO 2709) : E-mail record : QR code < ปิดหน้าต่าง
LEADER : 00000nam 2200000uu 4500
001    13399121435
003     ULIB
008    121119s2551||||th 000 0 tha d
020    ^a9789740497738
090    ^aนว.^bอ675พ
100 0  ^aอาริตา
245 00 ^aพ่อม่ายชายโสด/^cอาริตา
250    ^aพิมพ์ครั้งที่ 1
260    ^aกรุ492 หน้า
710 1  ^aบิวตี้บุ๊ค
945    ^p0^l0^i15011
995    ^aทศพร
999    ^aทศพร เกษรทอง
รายการนี้ยังไม่มีแท็ก
คุณยังไม่ได้ล็อกอิน คุณสามารถมีกิจกรรมร่วมกับเว็บไซต์ได้ แต่ต้องล็อกอินก่อน ::
  ล็อกอิน

รายการสื่อสารสนเทศ

ลำดับที่ ประเภท เลขเรียก/บาร์โค้ด สถานที่ สถานะ
1. นวนิยาย
นวนิยาย
นว. อ675พ ฉ.1 
  Barcode: 15011
ห้องสมุดวิทยาเขตสวรรค์ประชารักษ์
►นวนิยาย
บนชั้น
  ขอยืม

รายการใกล้เคียง
    ผู้แต่ง [อาริตา]

BibComment


ยังไม่เคยถูกคอมเมนท์

คอมเมนท์ทรัพยากรรายการนี้
  คอมเมนท์: พ่อม่ายชายโสด อา..


 Copyright 2026. Bcnsprnw @Library